Statistics for Answers Contain "Crimson"

Click here to take the quiz!

General Stats

  • This quiz has been taken 30 times
  • The average score is 4 of 12

Answer Stats

HintAnswer% Correct
1995 submarine thriller with Denzel WashingtonCrimson Tide
93%
1968: This progressive rock band is formed in LondonKing Crimson
57%
1968 song by Tommy James and the ShondellsCrimson and Clover
50%
1969 debut studio album by King CrimsonIn the Court of the Crimson King
36%
Ivy League team name, or daily student newspaperThe Harvard Crimson
36%
In Marvel Comics, Iron Man's Russian counterpartCrimson {Dynamo}
29%
Stephen King character appearing in The Dark TowerCrimson King
25%
1952 Burt Lancaster film set in the 18th century CaribbeanThe Crimson {Pirate}
25%
2015 gothic romance film directed by Guillermo del ToroCrimson {Peak}
21%
2014 British period drama TV series about WWIThe Crimson {Field}
21%
Aethopyga siparaja, unofficially Singapore's national birdcrimson {sunbird}
14%
In DC Comics, the nickname of The FlashThe Crimson {Comet}
14%

Score Distribution

Percentile by Number Answered

Percent of People with Each Score

Your Score History

You have not taken this quiz